Statistiken für Tödlichste Tiere der Welt

Klicken Sie hier um das Quiz zu spielen!

Allgemein

  • Dieses Quiz wurde 2.079 mal gespielt
  • Das Durchschnittsergebnis liegt bei 11 aus 19

Antwortstatistiken

Anzahl
(pro Jahr)
Tier% Korrekt
10Haie
93%
100.000Schlangen
93%
50Spinnen
87%
100Tiger
83%
20Pferde
82%
725.000Mücken
81%
25.000Hunde
77%
1.000Krokodile
75%
500Elefanten
73%
25Kühe
60%
150Quallen
58%
50Bienen
51%
5.000Skorpione
49%
15Leoparden
41%
10.000Tsetsefliegen
34%
30Ameisen
27%
2.000Bandwürmer
22%
120Hirsche
19%
10.000Raubwanzen
7%

Verteilung der Resultate

Perzentil nach korrekt beantworteten Fragen

Anzahl Personen mit jedem Resultat

Ihre Resultats-Entwicklung

Sie haben dieses Quiz noch nicht gespielt